ბათუმის შოთა რუსთაველის სახელმწიფო უნივერსიტეტის ბიბლიოთეკა

გაჩუქებული რჩევა = Verschenkter Rat : (ბიბ.ჩანაწერი № 58200)

000 -ლიდერი
ფიქსირებული სიგრძის საკონტროლო ველი 01358nam a22002177a 4500
003 - საკონტროლო ნომრის იდენტიფიკატორი
საკონტროლო ველი Ge_BSU
005 - ბოლო ოპერაციის თარიღი და დრო
საკონტროლო ველი 20210910130951.0
008 - ფიქსირებული სიგრძის მონაცემთა ელემენტები - ზოგადი ინფორმაცია
ფიქსირებული სიგრძის საკონტროლო ველი 210910s2019 ge ||||| |||| 00| 0 geo d
020 ## - წიგნის საერთაშორისო სტანდარტული ნომერი
International Standard Book Number 9789941266089
041 ## - ენის კოდი
Language code of text/sound track or separate title geo
080 ## - უნივერსალური ათობითი კლასიფიკაციის ინდექსი
Universal Decimal Classification number 821.112.2.03=353.1 ა-38
100 ## - მთავარი ჩანაწერი - პიროვნების სახელი
Personal name აიხინგერი, ილზე
9 (RLIN) 12447
245 ## - ცნობა სათაურის შესახებ
Title გაჩუქებული რჩევა = Verschenkter Rat :
Remainder of title ლექსები /
Statement of responsibility, etc ილზე აიხინგერი ; გერმანულიდან თარგმნა და ბოლოსიტყვაობა დაურთო დათო ბარბაქაძემ ; ყდა, სუპერყდა და ილუსტრაციები ბადრი გუგუშვილის.
264 ## - წარმოების, გამოცემის, დისტრიბუციის და სხვა ცნობები
გამოცემის, წარმოების, დისტრიბუციის... ადგილი თბილისი :
გამოცემის, წარმოების, დისტრიბუციის... სახელწოდება უნივერსალი,
გამოცემის, წარმოების, დისტრიბუციის... თარიღი 2019.
300 ## - ფიზიკური აღწერა
Extent 204 გვ. :
Other physical details ილ.;
Dimensions 20 სმ.
500 ## - ზოგადი შენიშვნა
General note ლექსები ქართულ და გერმანულ ენებზე
653 ## - INDEX TERM--UNCONTROLLED
Uncontrolled term გერმანული პოეზია.
700 ## - ADDED ENTRY--PERSONAL NAME
Personal name ბარბაქაძე, დათო
Relator term მთარგმნელი, ბოლოსიტყვაობის ავტორი
9 (RLIN) 12448
700 ## - ADDED ENTRY--PERSONAL NAME
Personal name გუგუშვილი, ბადრი
Relator term ილუსტრატორი
9 (RLIN) 12449
942 ## - ADDED ENTRY ELEMENTS (KOHA)
Source of classification or shelving scheme
Koha item type წიგნი
ეგზემპლარები
ჩამოწერის სტატუსი დაკარგული ეგზემპლარის სტატუსი კლასიფიკაციის წყარო ან თაროზე გაწყობის სქემა დაზიანების სტატუსი არ გაიცემა მუდმივი მდებარეობა (დაცვის ადგილი) ამჟამინდელი ადგილსამყოფელი თაროზე განთავსების ადგილი შეძენის თარიღი ღირებულება, შესყიდვის ნორმალური ფასი სრული შენახვის შიფრი შტრიხკოდი ბოლო ოპერაციის თარიღი ეგზემპლარის მიმდევრობითი ნომერი (კეტერი?) ფასის ძალაში შესვლის თარიღი ეგზემპლარის სახეობა საჯარო შენიშვნა
          ბათუმის შოთა რუსთაველის სახელმწიფო უნივერსიტეტის მთავარი ბიბლიოთეკა ბათუმის შოთა რუსთაველის სახელმწიფო უნივერსიტეტის მთავარი ბიბლიოთეკა წიგნსაცავი 2021-09-10 4.00 821.112.2.03=353.1 ა-38 61532 2021-09-10 61532 2021-09-10 წიგნი 4 ლ.